00930cam a2200241 a 450000100060000000300080000600500170001400800410003102000220007203500190009404000230011304100080013608200300014410000310017424500910020526000960029630000260039249000360041850000540045450400550050865000800056383000450064345596BD-RjUL20211209054035.0160727s1996 dcu b 000 0 eng  a0821336509 (pbk.) a(BD-RjUL)45714 aDLCcDLCdDLCbeng aeng00a363.091724220bSCP 1996 1 aSchùˆbeler, Peter,d1942-10aParticipation and partnership in urban infrastructure management /cPeter Schùˆbeler. aWashington, D.C. :bPublished for the Urban Management Programme by the World Bank,cc1996. avii, 101 p. ;c28 cm.1 aUrban Management Programme,v19 aAt head of title: UNDP/UNCHS(Habitat)/World Bank. aIncludes bibliographical references (p. [98]-101). 0aInfrastructure (Economics)zDeveloping countriesxManagementxCase studies. 0aUrban Management Program (Series) ;v19.